Don't lose your head over execution (Record no. 82063)

MARC details
000 -LEADER
fixed length control field 00862cam a22002055a 4500
001 - CONTROL NUMBER
control field L149118
008 - FIXED-LENGTH DATA ELEMENTS--GENERAL INFORMATION
fixed length control field 100113e20091212xxk 000 0 eng d
035 ## - SYSTEM CONTROL NUMBER
System control number (Sirsi) u149118
041 0# - LANGUAGE CODE
Language code of text/sound track or separate title eng
100 1# - MAIN ENTRY--PERSONAL NAME
Personal name Chandler, Bill
245 00 - TITLE STATEMENT
Title Don't lose your head over execution
260 ## - PUBLICATION, DISTRIBUTION, ETC.
Date of publication, distribution, etc. 2009
490 ## - SERIES STATEMENT
Series statement Estates Gazette
Volume/sequential designation (0949) 12 December 2009, 65(1)
520 ## - SUMMARY, ETC.
Summary, etc. Companies Act 2006 S44 allows a single director of a company to execute documents. S44 which came into force on 6 April 2008, was introduced to alleviate the problem of unavailable signatories. Considers why a number of companies have not adopted the provisions of S44 and the pros and cons of adoption of this method of execution of documents.
590 ## - LOCAL NOTE (RLIN)
Local note KA
650 24 - SUBJECT ADDED ENTRY--TOPICAL TERM
Topical term or geographic name entry element COMPANIES ACT 2006
651 #4 - SUBJECT ADDED ENTRY--GEOGRAPHIC NAME
Geographic name ENGLAND AND WALES
690 ## - LOCAL SUBJECT ADDED ENTRY--TOPICAL TERM (OCLC, RLIN)
Topical term or geographic name as entry element MANAGEMENT-BUSINESS MANAGEMENT
942 ## - ADDED ENTRY ELEMENTS (KOHA)
Suppress in OPAC 0
Holdings
Withdrawn status Lost status Source of classification or shelving scheme Damaged status Not for loan Home library Current library Shelving location Date acquired Total Checkouts Full call number Barcode Date last seen Copy number Price effective from Koha item type
    Dewey Decimal Classification     London London Journal article 13/01/2010   L149118 149118-1001 06/08/2019 1 06/08/2019 Journal article